| 000 | 00803cam a22002295a 4500 | ||
|---|---|---|---|
| 001 | L156505 | ||
| 008 | 120530e2012 xxk 000 0 eng d | ||
| 035 | _a(Sirsi) u156505 | ||
| 041 | 0 | _aeng | |
| 100 | 1 | _aPearson, Andy | |
| 245 | 0 | 4 | _aThe regs files |
| 260 | _c2012 | ||
| 490 |
_aBuilding _v277 (8729) 25 May 2012, 59-69(9) |
||
| 520 | _aLooks at how the proposed quality assurance process for Part L compliance has not met with universal approval, discusses plans that are afoot to make the LABC more efficient, and asks whether streamlining of Parts K, M and N will clarify or confuse. | ||
| 590 | _aKA | ||
| 651 | 4 | _aEngland and Wales 1543- | |
| 690 |
_aBuilding regulations _96224 |
||
| 690 |
_aEnergy _96237 |
||
| 690 |
_aBuilding control _96222 |
||
| 700 | 1 | _aSmith, Alex | |
| 942 | _n0 | ||
| 999 |
_c84043 _d84043 |
||